000 00943cam a2200265 a 4500
001 14808569
005 20251209131120.0
008 070414s2006 njua d 001 0 eng
020 _a9780911910001
020 _a091191000X
050 0 0 _aRS51
_b.M4 2006
082 0 0 _a615/.103
_222
245 0 4 _aThe Merck index :
_ban encyclopedia of chemicals, drugs, and biologicals /
_cMaryadele J. O'Neil, editor ... [et al.].
250 _a14th ed.
260 _aWhitehouse Station, N.J. :
_bMerck,
_c2006.
300 _a1 v. (various pagings) :
_bill. ;
_c26 cm. +
_e1 CD-ROM (4 3/4 in.)
500 _aIll. on lining papers.
500 _aIncludes indexes.
650 0 _aDrugs
_vDictionaries.
650 0 _aChemicals
_vDictionaries.
650 0 _aBiomolecules
_vDictionaries.
700 1 _aO'Neil, Maryadele J.
856 4 2 _3Publisher description
_uhttp://www.loc.gov/catdir/enhancements/fy0739/2007277644-d.html
942 _2lcc
_cBK
_e14th ed.
_n0
999 _c8513
_d8513